[Event "Grenzturnering 1617"]
[Site "Denmark"]
[Date "2017.04.25"]
[Round "8"]
[White "Martens, Holger"]
[Black "Jensen, Jakob Kamp"]
[Result "0-1"]
[WhiteElo "1817"]
[BlackElo "1842"]
[PlyCount "54"]
[EventDate "2016.09.27"]
[EventType "swiss"]
[EventRounds "9"]
[EventCountry "DEN"]
[SourceTitle "EXT 2023"]
[Source "ChessBase"]
[SourceDate "2022.10.05"]
[SourceVersion "1"]
[SourceVersionDate "2022.10.05"]
[SourceQuality "1"]

1. e4 c5 2. b3 Nf6 3. d3 d5 4. exd5 Nxd5 5. Bb2 Nc6 6. Nf3 Nf4 7. Qd2 Qc7 8. Nc3 Ne5 9. Nxe5 Qxe5+ 10. Qe3 Qxe3+ 11. fxe3 Ne6 12. Be2 g6 13. Nd5 Rg8 14. 0-0 Bd7 15. Bg4 f5 16. Bf3 0-0-0 17. e4 f4 18. Bg4 g5 19. Bf5 Nd4 20. Bxd7+ Kxd7 21. c3 Nc6 22. g3 Rg6 23. gxf4 gxf4+ 24. Kh1 e5 25. Ba3 Ne7 26. Bxc5 Nxd5 27. Bxf8 Ne3 0-1

[Event "Grenzturnering 1617"]
[Site "Denmark"]
[Date "2017.01.24"]
[Round "5"]
[White "Martens, Holger"]
[Black "Heinemann, Guido"]
[Result "1/2-1/2"]
[WhiteElo "1817"]
[BlackElo "1817"]
[PlyCount "81"]
[EventDate "2016.09.27"]
[EventType "swiss"]
[EventRounds "9"]
[EventCountry "DEN"]
[SourceTitle "EXT 2023"]
[Source "ChessBase"]
[SourceDate "2022.10.05"]
[SourceVersion "1"]
[SourceVersionDate "2022.10.05"]
[SourceQuality "1"]

1. e4 e5 2. Nf3 Nc6 3. Bc4 Nf6 4. Nc3 Be7 5. 0-0 0-0 6. d4 exd4 7. Nxd4 Ne5 8. Bb3 d6 9. Re1 c5 10. Nf3 Bg4 11. Bd5 Rb8 12. Bf4 Nxf3+ 13. gxf3 Be6 14. a4 Qb6 15. b3 Nh5 16. Bd2 Bf6 17. Rb1 Be5 18. Ne2 g6 19. Bc3 Bxc3 20. Nxc3 Qd8 21. Ne2 Qg5+ 22. Kh1 Qh4 23. Kg1 Bh3 24. Qd2 g5 25. Bc4 Rbe8 26. Qxd6 g4 27. Nf4 gxf3 28. Nxh5 Qxh5 29. Re3 Re5 30. Bf1 Rg5+ 31. Kh1 Qh4 32. Rxf3 Qxe4 33. Qd3 Qxd3 34. Rxd3 Bf5 35. Rg3 Rxg3 36. fxg3 Bxc2 37. Rb2 Be4+ 38. Kg1 Rd8 39. Bc4 Kg7 40. Re2 Bf5 41. Re5 1/2-1/2

[Event "Grenzturnering 1617"]
[Site "Denmark"]
[Date "2016.10.24"]
[Round "2"]
[White "Falsig, Niels"]
[Black "Martens, Holger"]
[Result "1-0"]
[WhiteElo "1705"]
[BlackElo "1817"]
[PlyCount "45"]
[EventDate "2016.09.27"]
[EventType "swiss"]
[EventRounds "9"]
[EventCountry "DEN"]
[SourceTitle "EXT 2023"]
[Source "ChessBase"]
[SourceDate "2022.10.05"]
[SourceVersion "1"]
[SourceVersionDate "2022.10.05"]
[SourceQuality "1"]

1. d4 Nf6 2. Nf3 e6 3. c4 c5 4. d5 Be7 5. Nc3 d6 6. e4 0-0 7. Bd3 exd5 8. exd5 Bg4 9. 0-0 Nbd7 10. Be2 Re8 11. Qc2 Bf8 12. Bg5 Ne5 13. Nxe5 Bxe2 14. Nxf7 Qe7 15. Nxd6 Bxf1 16. Nxe8 Bxc4 17. Nxf6+ gxf6 18. Bf4 Re8 19. Qd2 Ba6 20. d6 Qd7 21. Qd5+ Qe6 22. Qxe6+ Rxe6 23. d7 1-0

[Event "Grenzturnering Master 1516"]
[Site "Denmark"]
[Date "2016.04.04"]
[Round "7"]
[White "Martens, Holger"]
[Black "Langner, Michel"]
[Result "0-1"]
[WhiteElo "1787"]
[BlackElo "1823"]
[PlyCount "44"]
[EventDate "2015.10.20"]
[EventType "tourn"]
[EventRounds "9"]
[EventCountry "DEN"]
[SourceTitle "EXT 2023"]
[Source "ChessBase"]
[SourceDate "2022.10.05"]
[SourceVersion "1"]
[SourceVersionDate "2022.10.05"]
[SourceQuality "1"]

1. d4 d5 2. Nf3 Bf5 3. Bf4 e6 4. e3 Nf6 5. Bd3 g6 6. Bxf5 gxf5 7. Nbd2 h5 8. c4 Nbd7 9. Qb3 Qc8 10. Ne5 dxc4 11. Ndxc4 Nd5 12. Nxd7 Bb4+ 13. Kd1 Qxd7 14. a3 Be7 15. Qxb7 0-0 16. Ne5 Qa4+ 17. b3 Qa5 18. Nc6 Qc3 19. Nxe7+ Nxe7 20. Ke2 Qc2+ 21. Kf3 Nd5 22. b4 h4 0-1

[Event "Grenzturnering Master 1516"]
[Site "Denmark"]
[Date "2016.02.09"]
[Round "5"]
[White "Falsig, Niels"]
[Black "Martens, Holger"]
[Result "0-1"]
[WhiteElo "1879"]
[BlackElo "1787"]
[PlyCount "56"]
[EventDate "2015.10.20"]
[EventType "tourn"]
[EventRounds "9"]
[EventCountry "DEN"]
[SourceTitle "EXT 2023"]
[Source "ChessBase"]
[SourceDate "2022.10.05"]
[SourceVersion "1"]
[SourceVersionDate "2022.10.05"]
[SourceQuality "1"]

1. d4 Nf6 2. Nf3 e6 3. c4 Be7 4. Nc3 0-0 5. e4 d5 6. e5 Ne8 7. c5 b6 8. b4 a5 9. bxa5 bxc5 10. dxc5 Rxa5 11. Bd3 Ba6 12. Bxa6 Nxa6 13. 0-0 Bxc5 14. Bd2 Bb4 15. Nd4 Qd7 16. Qb3 c5 17. Nc2 c4 18. Qb2 Bc5 19. Ne2 Rb5 20. Qc3 Qb7 21. Ned4 Rb6 22. Na3 Nec7 23. Rab1 Bb4 24. Qe3 Bxa3 25. Nxe6 Rxb1 26. Nxg7 Rxf1+ 27. Kxf1 Qb1+ 28. Ke2 Qd3+ 0-1